Cây cỏ có ích ở Việt Nam Tập 2

Saved in:
Bibliographic Details
Main Author: Võ, Văn Chi (Chủ biên)
Other Authors: Trần, Hợp
Format: Book
Published: Hà Nội Giáo dục 2002
Subjects:
Tags: Add Tag
No Tags, Be the first to tag this record!
Institutions: Trung tâm Học liệu Lê Vũ Hùng, Trường Đại học Đồng Tháp
LEADER 00889pam a22002778a 4500
001 00031010
005 20171026081025.0
008 130827s2002 ||||||Viesd
020 |c 219000 
041 0 # |a Vie 
082 1 # |a 580.959 7  |b C126C 
100 1 # |a Võ, Văn Chi  |e Chủ biên 
245 0 0 |a Cây cỏ có ích ở Việt Nam  |c Võ Văn Chi (ch.b), Trần Hợp  |n Tập 2 
260 # # |a Hà Nội  |b Giáo dục  |c 2002 
300 # # |a 1215 tr.  |b ảnh trắng đen  |c 27 cm. 
653 # # |a Cây cỏ 
653 # # |a Thực vật 
653 # # |a Việt Nam 
653 # # |a Thực vật học 
700 1 # |a Trần, Hợp 
852 # # |b Kho mượn  |j KM.0015923 
852 # # |b Kho đọc  |j KD.0014857 
852 # # |j KD.0014857  |j KM.0015923 
910 |d 8/2013 
980 # # |a Trung tâm Học liệu Lê Vũ Hùng, Trường Đại học Đồng Tháp